Evaluación social de proyectos (Registro nro. 5262)
[ vista simple ]
| 000 -LEADER | |
|---|---|
| fixed length control field | 01685 a2200241 4500 |
| 001 - CONTROL NUMBER | |
| control field | 53838 |
| 005 - DATE AND TIME OF LATEST TRANSACTION | |
| control field | 20260407155809.0 |
| 008 - FIXED-LENGTH DATA ELEMENTS--GENERAL INFORMATION | |
| fixed length control field | 260407a2008 arg spa d |
| 003 - CONTROL NUMBER IDENTIFIER | |
| control field | AR-UNSa-BCEJYS |
| 040 ## - CATALOGING SOURCE | |
| Original cataloging agency | AR-UNSa-BCEJYS |
| Language of cataloging | spa |
| Transcribing agency | AR-UNSa-BCEJYS |
| 080 ## - UNIVERSAL DECIMAL CLASSIFICATION NUMBER | |
| Universal Decimal Classification number | 658.16 |
| Common auxiliary subdivision | Reorganización financiera (Proyectos de inversión) |
| 020 ## - INTERNATIONAL STANDARD BOOK NUMBER | |
| International Standard Book Number | 978-970-26-1300-8 |
| 041 ## - LANGUAGE CODE | |
| Language code of text/sound track or separate title | spa |
| 100 1# - MAIN ENTRY--PERSONAL NAME | |
| Personal name | Fontaine, Ernesto R. |
| 245 10 - TITLE STATEMENT | |
| Title | Evaluación social de proyectos |
| 250 ## - EDITION STATEMENT | |
| Edition statement | 13a. ed |
| 264 #1 - PRODUCTION, PUBLICATION, DISTRIBUTION, MANUFACTURE, AND COPYRIGHT NOTICE | |
| Place of production, publication, distribution, manufacture | México : |
| Name of producer, publisher, distributor, manufacturer | Pearson Educación |
| Date of production, publication, distribution, manufacture, or copyright notice | 2008 |
| 300 ## - PHYSICAL DESCRIPTION | |
| Extent | xxii, 622 p. |
| Dimensions | 23 cm. |
| 505 ## - FORMATTED CONTENTS NOTE | |
| Formatted contents note | 1. El proyecto y su ciclo de gestación – 2. Diferentes costos para diferentes decisiones – 3. Diferentes criterios para la decisión de inversiones – 4. Aplicaciones de los criterios de la decisión a diferentes problemas – 5. Principios de economía para la evaluación social de proyectos – 6. Fundamentos de la evaluación social de proyectos – 7. La evaluación social en la ausencia de distorsiones – 8. Ajustes al valor privado de la producción de bienes nacionales – 9. Ajustes al precio de los insumos nacionales – 10. Los defectos indirectos en presencia de distorsiones – 11. Ajustes al precio de bienes transables: al precio social – 12. Ajustes al precio de la mano de obra – 13. La tasa de descuentos y el VABSN medible – 14. El precio de las divisas para la evaluación social de los proyectos – 15. La tasa social de descuento - 16. Comentarios finales sobre el VABSN de los proyectos |
| 590 ## - LOCAL NOTE (RLIN) | |
| Local note | niveau_biblio:m niveau_hierar:0 |
| 856 41 - ELECTRONIC LOCATION AND ACCESS | |
| Uniform Resource Identifier | <a href="https://www.biblioeco.unsa.edu.ar/pmb/images/libros/L128443.jpg">https://www.biblioeco.unsa.edu.ar/pmb/images/libros/L128443.jpg</a> |
| Link text | Imagen de portada |
| Electronic format type | image/jpeg |
| 942 ## - ADDED ENTRY ELEMENTS (KOHA) | |
| Koha item type | |
| Withdrawn status | Lost status | Damaged status | Not for loan | Home library | Current library | Shelving location | Date acquired | Total checkouts | Full call number | Barcode | Date last seen | Price effective from | Koha item type |
|---|---|---|---|---|---|---|---|---|---|---|---|---|---|
| Biblioteca Prof. Eusebio Cleto del Rey | Biblioteca Prof. Eusebio Cleto del Rey | 07/04/2026 | 658.16 F677 13ed. | L128443 | 07/04/2026 | 07/04/2026 | Libro |